| 000 | 00442nam a2200169Ia 4500 | ||
|---|---|---|---|
| 001 | 14139 | ||
| 005 | 20260306164852.0 | ||
| 008 | 260306t9999||||xx |||||||||||||| ||spa|| | ||
| 041 | _aESP | ||
| 082 |
_a508.8 _bR68 |
||
| 100 |
_aRivero, Mariano Eduardo de, 1798-1857 _eAUT |
||
| 245 | 0 | _aMemorial de ciencias naturales, y de industria nacional y extranjera | |
| 300 |
_a _c |
||
| 650 | _aGEN | ||
| 654 | _aCCN | ||
| 942 |
_cLIB _dJUS _fJUS _2ddc _n |
||
| 999 |
_c14139 _d14139 |
||